Monte Hermoso : del país del diablo a la autonomía /
Guardado en:
| Autor Principal: | |
|---|---|
| Otros Autores: | |
| Formato: | Libro |
| Publicado: |
Bahía Blanca :
Casa del Puente,
2009
|
| Materias: | |
| Etiquetas: |
Agregar Etiqueta
Sin Etiquetas, Sea el primero en etiquetar este registro!
|
| LEADER | 00711nam a22001935a 4500 | ||
|---|---|---|---|
| 001 | EHU.bham040688 | ||
| 008 | 130507s2009##################000#0#####d | ||
| 005 | 20221004074523.0 | ||
| 245 | 1 | 0 | |a Monte Hermoso : |b del país del diablo a la autonomía / |c Nicolás Ciarniello y María E. Fernández de Franceschini. |
| 260 | |a Bahía Blanca : |b Casa del Puente, |c 2009 | ||
| 300 | |a 143 p. | ||
| 020 | |a 9789872506100 | ||
| 100 | 1 | |a Ciarniello, Nicolás | |
| 700 | 1 | |a Fernández de Franceschini, María E. | |
| 082 | 9 | 8 | |a 982.12 C341 |
| 653 | |a Monte Hermoso-historia de | ||
| 653 | |a Historia argentina-Monte Hermoso | ||
| 653 | |a Argentina-historia regional | ||
| 859 | |a AR-BHAM |b BIB. HUMANIDADES - General |h 982.12 |i C341 |p 671.09 |t Ej.1 | ||
